Nonlinear partial differential equations and applications (Record no. 20541)

000 -LEADER
fixed length control field 00762nam a2200229 i 4500
001 - CONTROL NUMBER
control field 20541
003 - CONTROL NUMBER IDENTIFIER
control field BD-DhUET
008 - FIXED-LENGTH DATA ELEMENTS--GENERAL INFORMATION
fixed length control field 790119s1978 gw a b 100 0 eng
020 ## - INTERNATIONAL STANDARD BOOK NUMBER
International Standard Book Number 0387087591
040 ## - CATALOGING SOURCE
Original cataloging agency DLC
Transcribing agency DLC
Modifying agency BD-DhUET
082 ## - DEWEY DECIMAL CLASSIFICATION NUMBER
Classification number 517.383
Item number SEM/1978
111 ## - MAIN ENTRY--MEETING NAME
Meeting name or jurisdiction name as entry element Seminar on nonlinear partial differential equations and applications
Location of meeting Indiana University
Date of meeting 1976-1977
245 00 - TITLE STATEMENT
Title Nonlinear partial differential equations and applications
260 ## - PUBLICATION, DISTRIBUTION, ETC. (IMPRINT)
Place of publication, distribution, etc. New York
Name of publisher, distributor, etc. Springer-Verlag
Date of publication, distribution, etc. 1978
300 ## - PHYSICAL DESCRIPTION
Extent 206p.
Other physical details ill.
Dimensions 25 cm.
490 1# - SERIES STATEMENT
Series statement Lecture notes in mathematics ; 648
504 ## - BIBLIOGRAPHY, ETC. NOTE
Bibliography, etc Includes bibliographies
650 #0 - SUBJECT ADDED ENTRY--TOPICAL TERM
Topical term or geographic name as entry element Differential equations, Partial
650 #0 - SUBJECT ADDED ENTRY--TOPICAL TERM
Topical term or geographic name as entry element Differential equations, Nonlinear
700 1# - ADDED ENTRY--PERSONAL NAME
Personal name Chadam, John M.
942 ## - ADDED ENTRY ELEMENTS (KOHA)
Koha item type Proceedings
Holdings
Copy number Source of classification or shelving scheme Lost status Sublocation or collection (holding branch) Date acquired Koha full call number Withdrawn status Koha date last seen Not for loan Koha normalized classification for sorting Piece designation (barcode) Location (home branch) Koha item type Damaged status Shelving location Price effective from
1  Central Library, BUET2015-04-12517.383/SEM/1978 2015-04-12 517_383000000000000_SEM_197848648Central Library, BUETProceedings Circulation section2015-04-12